| 000 | 00423cam a22001337a 4500 | ||
|---|---|---|---|
| 008 | 180718b1991 xxu||||| |||| 00| 0 eng d | ||
| 082 | _aU6 P939 | ||
| 100 | _aVenugopal Reddy, Y. | ||
| 245 | _aModalities of privatisation | ||
| 260 |
_aNew Delhi _bOxford & IBH _c1991 |
||
| 300 | _ap.219-40 | ||
| 500 | _a[In] Privatisation and public enterprise: the Asia-Pacific experience, edited by Geeta Gouri | ||
| 650 | _aPrivatisation | ||
| 999 |
_c376733 _d376733 |
||